Music Quiz

Random Music or Kpop Quiz
Score 0/6 Timer 15:00
0 Plays Today
BG or GG Group % Correct
Girl GroupIZ*ONE
78.9%
Boy GroupBIGBANG
78.9%
Boy GroupATEEZ
75.7%
Girl GroupApink
68.4%
Boy GroupNU’EST
64.5%
Girl GroupPRISTIN
61.2%
Remove Ads.
Support Sporcle.
Get the best of Sporcle when you Go Orange. This ad-free experience offers more features, more stats, and more fun while also helping to support Sporcle. Thank you for becoming a member.

You're not logged in!

Compare scores with friends on all Sporcle quizzes.
OR
Log In

Show Comments

Extras

Top Quizzes Today


Score Distribution

Your Account Isn't Verified!

In order to create a playlist on Sporcle, you need to verify the email address you used during registration. Go to your Sporcle Settings to finish the process.

Report this User

Report this user for behavior that violates our Community Guidelines.

Details: